Loading...
Topics in current chemistry. 69. inorganic biochemistry
| Main Author: | |
|---|---|
| Format: | Printed Book |
| Language: | Undetermined English |
| Published: |
Berlin
Springer-verlag
1977
|
| Subjects: |
| LEADER | 00560nam a2200169Ia 4500 | ||
|---|---|---|---|
| 008 | 140306s9999 xx 000 0 und d | ||
| 041 | |a eng | ||
| 082 | |a 540 |b DEW/TO | ||
| 100 | |a Dewar, M J S | ||
| 245 | |a Topics in current chemistry. 69. inorganic biochemistry | ||
| 260 | |a Berlin |b Springer-verlag |c 1977 | ||
| 300 | |a 204 | ||
| 365 | |b Rs .58 .00 | ||
| 650 | |a Metal ions | ||
| 942 | |2 ddc |c BK | ||
| 999 | |c 113658 |d 113658 | ||
| 952 | |0 0 |1 0 |2 ddc |4 0 |6 540_000000000000000_DEWTO |7 0 |9 111540 |a KAUHCV |b KAUHCV |d 2004-04-12 |g 58.00 |o 540 DEW/TO |p KAU_HCV-11390 |r 2014-03-22 |w 2014-03-22 |y BK | ||